000 00837nam a2200241 a 4500
001 BRCA_2644
005 20190320203914.0
008 011208s1943----enka---###---#000-0#eng-u
050 4 _aNK4087
_b.W55S7 1943
100 1 _aWilliams, Sydney B.
_97522
245 1 0 _aAntique blue and white Spode
_cby Sydney B. Williams ; witha foreword by Granville Fell.
260 _aLondon
_bB. T. Batsford
_c1943
300 _a242 p.
_bil.
_c25 cm.
500 _aDedicatoria: whit 123 ilustrations by gracious permission to her magesty queen Mary.
500 _aIncluye índice de ilustraciones e índice analítico.
500 _aA96
600 1 4 _aSpode, Familia
_97293
650 1 4 _aStaffordshire, Cerámica de
_97294
650 1 4 _aDecoración y ornamentación
_93592
650 1 4 _aCerámica
_zInglaterra
_97523
902 _aGFM
942 _2lcc
_cB
999 _c2384
_d2384